000 00500nam a22001937a 4500
005 20260513131744.0
008 260513b |||||||| |||| 00| 0 eng d
020 _a9789352864355
_c995.00
040 _aMAIN
041 _aEnglish
082 _a621.3678
_bJEN
100 _aJensen, John R.
245 _aIntroductory Digital Processing
_b: A Remote Sensing Perspective
250 _a4th
260 _aNoida
_bPearson
_c2022
300 _a623
650 _aGeology (PM USHA)
_926712
942 _cBK
999 _c60788
_d60788